000 00458cam a2200181ua 4500
020 _c3.00
041 _amal
_h
082 _a928.917
_bGOR/SA
100 _aGorkey, Maxim .
245 _aSarvakalasalakal /
_cMaxim Gorkey.
_hTextual Documents
260 _aKottayam :
_bPrabhatham printing and publishing co. pvt. ltd. ,
_c1957.
300 _a310 ; .
365 _a3.00
504 _a
942 _cBK
999 _c801
_d801